000
00206nam a2200097Ia 4500
003
GCL
008
140319s9999 xx 000 0 ara d
040
_a
GCL /
_c
GCL
082
0
4
_a
NOISE DESIGN
300
_a
RECOVERG
999
_c
25753
_d
25753